Les 50 plus grandes ville de Nouvelle-Aquitaine - Statistiques

Statistiques générales
  • Ce quiz a été pris 62 fois
  • Le résultat moyen est 28 sur 50
Statistiques - réponses
Population Réponse N° Département % Correct
261 804 Bordeaux 33
100%
77 066 Pau 64
98%
52 749 Bayonne 64
96%
78 535 La Rochelle 17
96%
129 760 Limoges 87
94%
90 240 Poitiers 86
94%
41 086 Angoulême 16
90%
25 764 Biarritz 64
90%
21 347 Dax 40
87%
30 674 Mont-de-Marsan 40
87%
75 729 Mérignac 33
85%
59 309 Niort 79
85%
29 516 Périgueux 24
83%
32 485 Agen 47
81%
66 760 Pessac 33
79%
41 153 Anglet 64
71%
46 599 Brive-la-Gaillarde 19
71%
24 557 Libourne 33
69%
25 518 Saintes 17
69%
45 225 Talence 33
69%
26 323 Bergerac 24
65%
19 029 Royan 17
60%
18 448 Cognac 16
54%
17 796 Hendaye 64
54%
23 092 Rochefort 17
54%
30 813 Bègles 33
50%
26 778 Cenon 33
50%
14 551 Biscarrosse 40
48%
26 556 La-Teste-de-Buch 33
48%
17 239 Marmande 47
48%
31 284 Châtellerault 86
46%
40 500 Villenave-d'Ornon 33
44%
21 629 Villeneuve-sur-Lot 47
44%
14 601 Saint-Jean-de-Luz 64
40%
25 835 Gradignan 33
38%
19 906 Bressuire 79
33%
20 215 Bruges 33
33%
17 749 Floirac 33
33%
23 291 Lormont 33
33%
32 538 Saint-Médard-en-Jalles 33
31%
24 374 Eysines 33
27%
24 339 Le Bouscat 33
27%
16 004 Blanquefort 33
21%
14 000 Thouars 79
17%
16 789 Cestas 33
13%
22 399 Gujan-Mestras 33
13%
14 317 Saint-Paul-lès-Dax 40
13%
16 798 Ambarès-et-Lagrave 33
8%
13 915 Lons 64
8%
13 992 Tule 19
8%
Aucun quiz correspondant
Distribution des résultats
% des personnes avec chaque résultat
Percentile par nombre de réponses
Votre historique - résultats
Vous n’avez pas pris ce quiz